Portugal (Registo nº 4085)
[ vista simples ]
| 000 -Etiqueta do registo | |
|---|---|
| Cabeçalho | 00850cam a2200289 4500 |
| 005 - Identificador da versão | |
| Campo de controlo | 20240813122052.0 |
| 010 ## - Número internacional normalizado dos livros (ISBN) | |
| Número (ISBN) | 972211414X |
| 021 ## - Número do Depósito Legal | |
| Código do país | PT |
| Número | 168181/01 |
| 100 ## - Dados gerais de processamento | |
| Dados gerais de processamento | 20020412d2001 d y0pory5003 ba |
| 102 ## - Pais de publicação ou produção | |
| País de publicação | Portugal |
| 101 0# - Língua de publicação | |
| Língua do texto, banda sonora, etc. | Português |
| 106 ## - Campo de dados codificados: material textual | |
| Dados codificados do material textual | r |
| 105 ## - Campo de dados codificados: livros | |
| Dados codificados dos livros | a z 001yy |
| 215 ## - Descrição física | |
| Indicação específica da natureza do documento e extensão da espécie | 214, [7] p. |
| Outras indicações físicas | il. |
| Dimensões | 29 cm |
| 200 1# - Titulo e menção de responsabilidade | |
| Título próprio | Portugal |
| Informação de outro título | história e lendas |
| Primeira menção de responsabilidade | Ana Maria Magalhães, Isabel Alçada |
| Outras menções de responsabilidade | il. Carlos Marques... [et al.] |
| 210 ## - Publicação, Distribuição, etc. | |
| Lugar da edição, distribuição, etc. | Lisboa |
| Nome do editor, distribuidor, etc. | Caminho |
| Data da publicação, distribuição, etc. | D.L. 2001 |
| 675 ## - Classificação Decimal Universal (CDU) | |
| Notação | 94(469) |
| Edição | BN |
| Língua da edição | por |
| Notação | 821.134.3-94"19" |
| Edição | BN |
| Língua da edição | por |
| Notação | 087.5 |
| Edição | BN |
| Língua da edição | por |
| 607 ## - Nome geográfico usado como assunto | |
| Número de registo de entrada de autoridade | 0000647 |
| Código do sistema | SIPOR |
| 702 #1 - Nome de autor-pessoa física (responsabilidade secundária) | |
| Número de registo de entrada de autoridade | 0000465 |
| Palavra de ordem | Marques |
| Outra parte do nome não tomada para palavra de ordem | Carlos |
| Código de função | Ilustrador / Técnico de desenho computorizado |
| 701 #1 - Nome de autor-pessoa física (co-responsabilidade principal) | |
| Palavra de ordem | Alçada |
| Outra parte do nome não tomada para palavra de ordem | Isabel |
| Elementos de identificação ou distinção | pseud. |
| Código de função | Autor / Co-autor |
| 700 #1 - Nome de autor-pessoa física (responsabilidade principal) | |
| Número de registo de entrada de autoridade | 0000312 |
| Palavra de ordem | Magalhães |
| Outra parte do nome não tomada para palavra de ordem | Ana Maria |
| Datas | 1946- |
| 942 ## - Elementos de entrada adicionados (Koha) | |
| Tipo de item no Koha | Livro |
| Situação do levantamento | Origin of item (home branch) (coded) | Biblioteca de empréstimo | Código de barras | Cota | Circulation type (not for loan) | Tipo de documento | Nota do exemplar | Damaged status |
|---|---|---|---|---|---|---|---|---|
| Biblioteca Escolar das Vendas | Biblioteca Escolar das Vendas | BEV731 | 9PT MAG | Livro | Sem mensagem |
